| 000 | 00654cam a22002052 4500 | ||
|---|---|---|---|
| 001 | 0000003451 | ||
| 005 | 20151217145735.0 | ||
| 008 | 070507s xx 000 0 eng d | ||
| 020 |
_a0674319281 : _cKES 400 |
||
| 040 |
_aKABU _cKABU |
||
| 050 | 0 |
_aKF4552 _b.D96 |
|
| 100 | 1 |
_aDworkin, Ronald. _@0000153391 |
|
| 245 | 1 | 0 |
_aFreedom's law : _bthe moral reading of the American constitution. |
| 260 |
_aCambridge, Mass : _bHarvard Univ. Press, _c1996. |
||
| 300 | _a404 p. | ||
| 651 | 0 |
_aUnited States _xConstitutional law _xMoral and ethical aspects. _@0000153392 |
|
| 908 | _a070507 | ||
| 950 | _@1 | ||
| 999 |
_c2120 _d2120 |
||